Biotechnology and saftey assessment by John A Thomas and Roy L Fuchs (Record no. 1209479)

MARC details
000 -LEADER
fixed length control field 01097nam a2200301Ia 4500
003 - CONTROL NUMBER IDENTIFIER
control field OSt
005 - DATE AND TIME OF LATEST TRANSACTION
control field 20221007121900.0
008 - FIXED-LENGTH DATA ELEMENTS--GENERAL INFORMATION
fixed length control field 221006b |||||||| |||| 00| 0 eng d
020 ## - INTERNATIONAL STANDARD BOOK NUMBER
International Standard Book Number 0126887217 (hbd)
-- 99.50
037 ## - SOURCE OF ACQUISITION
Terms of availability Textual
040 ## - CATALOGING SOURCE
Original cataloging agency BDL
Transcribing agency BDL
Language of cataloging eng
041 ## - LANGUAGE CODE
Source of code eng
Language code of text/sound track or separate title eng
100 ## - MAIN ENTRY--PERSONAL NAME
Personal name Thomas John A Ed
9 (RLIN) 578310
245 #0 - TITLE STATEMENT
Title Biotechnology and saftey assessment by John A Thomas and Roy L Fuchs
Remainder of title Fuchs Roy L Ed
250 ## - EDITION STATEMENT
Edition statement Ed 3
260 ## - PUBLICATION, DISTRIBUTION, ETC.
Place of publication, distribution, etc. Amsterdam
Name of publisher, distributor, etc. Academic Press
Date of publication, distribution, etc. 2002
300 ## - PHYSICAL DESCRIPTION
Extent xv, 487p
Dimensions cm.
500 ## - GENERAL NOTE
General note Includes bibliographical references; Index 467-487p; ^n23/CSL/CARB/2003-2004/1229^d2004-01-29^mPurchase; ; 2003-04/775^b2004-02-23^c146/2003-2004^d2004-02-12^eRs.16,399.80^fApple Books; ; 2004-04-06^bSB^c2004-04-06^dVinay
650 ## - SUBJECT ADDED ENTRY--TOPICAL TERM
Topical term or geographic name entry element Biotechnology
650 ## - SUBJECT ADDED ENTRY--TOPICAL TERM
Topical term or geographic name entry element Agriculture
700 ## - ADDED ENTRY--PERSONAL NAME
Personal name Fuchs Roy L Ed
9 (RLIN) 578311
942 ## - ADDED ENTRY ELEMENTS (KOHA)
Classification part J:(G:F), P2
Koha item type Textual
Source of classification or shelving scheme Colon Classification (CC)
Holdings
Withdrawn status Lost status Source of classification or shelving scheme Damaged status Not for loan Home library Current library Date acquired Source of acquisition Total Checkouts Full call number Barcode Date last seen Price effective from Koha item type
    Colon Classification (CC)     Department of Botany Library Department of Botany Library 2022-10-07 Apple,   J:(G:F) P2 BD0004884 2022-10-07 2022-10-07 Textual
Copyright @ Delhi University Library System